Normal view
MARC view
- Monro, Donald M
Entry Personal Name
001 - CONTROL NUMBER
- control field: 93940
003 - CONTROL NUMBER IDENTIFIER
- control field: NUST
005 - DATE AND TIME OF LATEST TRANSACTION
- control field: 20220719193813.0
008 - FIXED-LENGTH DATA ELEMENTS
- fixed length control field: 220719|| aca||aabn | a|a d
040 ## - CATALOGING SOURCE
- Original cataloging agency: NUST
- Transcribing agency: NUST
100 ## - HEADING--PERSONAL NAME
- Personal name: Monro, Donald M
670 ## - SOURCE DATA FOUND
- Source citation: Work cat.: (NUST)179508: Monro, Donald M., Computing with FORTRAN :, 1977.
